00504nam a2200157 i 4500001000300000100002800003245006700031260007900098300003400177650003200211020001500243040000800258041000900266080003000275008004100305bg1 aSŁOBODSKA, Mirosława.10aPolsko-francuski słownik tematyczny /cMirosława Słobodska. aWarszawa :bHarald G Dictionaries. Przedsiębiorstwo Wydawnicze,c[1996]. a381, [3] s. :brys. ;c20 cm. 4aSłowniki polsko-francuskie a8386773057 cBPK0 afrpl a811.162.1::811.133.1]'374 s pl f |000 0 pol